Scandinavian teams in the Champions League - Statistics

General Stats
  • This quiz has been taken 22 times
  • The average score is 7 of 11
Answer Stats
Country Seasons Answer % Correct
Sweden 21/22, 15/16, 14/15 Malmö FF
100%
Denmark 22/23, 16/17, 13/14, 10/11, 06/07 FC Copenhagen
90%
Sweden 97/98, 96/97, 94/95, 92/93 IFK Göteborg
80%
Norway 07/08, 05/06, 04/05, 02/03, 01/02, 00/01, 99/00, 98/99, 97/98, 96/97, 95/96 Rosenborg
80%
Sweden 99/00 AIK
65%
Norway 99/00 Molde
60%
Denmark 08/09, 95/96 Aalborg BK
55%
Denmark 98/99 Brøndby
45%
Denmark 20/21, Midtjylland
40%
Denmark 12/13, FC Nordsjælland
35%
Sweden 00/01 Helsingborg
25%
No matching quizzes found
Score Distribution
Percent of People with Each Score
Percentile by Number Answered
Your Score History
You have not taken this quiz